LEADER 00455nab a2200145 i 4500 001 000000284440 003 CaOOAMICUS 005 20180831165255.0 008 180831n xx uu u0 0und r 013 $a37747 040 $aSeMil$bita 245 10$a[SENZA TITOLO]. 500 $a1 Febbraio 1963, Anno 32. 773 0 $t1963 : gennaio-ottobre.$dTorino : Ufficio Catechistico Centrale Salesiano, 1963.$w()239087 996 $6245$a[SENZA TITOLO]$9(OLS)http://semarc/title/354609 LEADER 00494nab a2200145 i 4500 001 000000314995 003 CaOOAMICUS 005 20180831173142.0 008 180831n xx uu u0 0und r 013 $a24084 040 $aSeMil$bita 100 1 $aLobo, Idealfonso.$0(OLS)http://semarc/name/88618 245 12$aI problemi della vita religiosa e il Vaticano II. 773 0 $t[Gennaio-Dicembre].$g232-245$w()274269 996 $6245$aI problemi della vita religiosa e il Vaticano II$9(OLS)http://semarc/title/389112